Normal view
MARC view
- Mass media
Entry Topical Term
001 - CONTROL NUMBER
- control field: 128305
003 - CONTROL NUMBER IDENTIFIER
- control field: NUST
005 - DATE AND TIME OF LATEST TRANSACTION
- control field: 20250314103849.0
008 - FIXED-LENGTH DATA ELEMENTS
- fixed length control field: 250314|| aca||aabn | a|a d
040 ## - CATALOGING SOURCE
- Original cataloging agency: NUST
- Transcribing agency: NUST
150 ## - HEADING--TOPICAL TERM
- Topical term or geographic name entry element: Mass media
- General subdivision: Law and legislation
- Geographic subdivision: Pakistan
670 ## - SOURCE DATA FOUND
- Source citation: Work cat.: (NUST)0: Ali, Yasmeen Aftab. 128304, A comparative analysis of media & media laws in Pakistan /, 2012.
